[Event "Bodensee op"]
[Site "Bregenz"]
[Date "2024.05.12"]
[Round "9"]
[White "Ellinger, Maximilian"]
[Black "Fauth, Dietmar"]
[Result "1/2-1/2"]
[WhiteElo "1818"]
[BlackElo "2042"]
[PlyCount "79"]
[EventDate "2024.05.04"]
[EventType "swiss"]
[EventRounds "9"]
[EventCountry "AUT"]
[SourceTitle "CB20_2024"]
[SourceDate "2024.05.16"]
[SourceVersion "1"]
[SourceVersionDate "2024.05.16"]
[SourceQuality "1"]

1. e4 c5 2. c3 Nf6 3. e5 Nd5 4. Nf3 e6 5. d4 cxd4 6. cxd4 d6 7. Bc4 Nc6 8. 0-0 Be7 9. Qe2 0-0 10. Rd1 Qc7 11. Nc3 Nxc3 12. bxc3 dxe5 13. dxe5 b6 14. Bd3 Bb7 15. h4 Rfd8 16. Qe4 g6 17. Qf4 Rd7 18. Be3 Rad8 19. Bc2 Rxd1+ 20. Rxd1 Rxd1+ 21. Bxd1 Nd8 22. Bd4 f5 23. exf6 Bd6 24. Be5 Nf7 25. Bxd6 Qxd6 26. Qxd6 Nxd6 27. Ne5 Bd5 28. Bb3 Bxb3 29. axb3 Ne4 30. c4 Nxf6 31. f3 Kf8 32. Kf2 Ke8 33. Ke3 Nd7 34. Nxd7 Kxd7 35. Kd4 Kd6 36. g4 e5+ 37. Ke4 Ke6 38. Kd3 Kd6 39. Ke4 Ke6 40. Kd3 1/2-1/2

[Event "Bodensee op"]
[Site "Bregenz"]
[Date "2024.05.06"]
[Round "3"]
[White "Ellinger, Maximilian"]
[Black "Sucher, Johannes"]
[Result "1/2-1/2"]
[WhiteElo "1818"]
[BlackElo "2053"]
[PlyCount "179"]
[EventDate "2024.05.04"]
[EventType "swiss"]
[EventRounds "9"]
[EventCountry "AUT"]
[SourceTitle "CB20_2024"]
[SourceDate "2024.05.16"]
[SourceVersion "1"]
[SourceVersionDate "2024.05.16"]
[SourceQuality "1"]

1. e4 Nf6 2. Nc3 d5 3. exd5 Nxd5 4. Nf3 Bg4 5. Bc4 e6 6. Nxd5 exd5 7. Be2 Bd6 8. d4 Nc6 9. Be3 0-0 10. 0-0 Qd7 11. Qd2 f5 12. Bf4 Rae8 13. Bxd6 Qxd6 14. Rfe1 Re6 15. h3 Bh5 16. c3 Rfe8 17. Bf1 Bxf3 18. Rxe6 Qxe6 19. gxf3 Nd8 20. Bd3 Qg6+ 21. Kh2 Qh5 22. Re1 Ne6 23. Re5 g6 24. Qe3 Kf7 25. Bf1 c6 26. Bg2 Qh4 27. Kg1 f4 28. Qe1 Qf6 29. a4 Nc7 30. Rxe8 Nxe8 31. Bf1 Nd6 32. Bd3 Qe6 33. Qd2 Qxh3 34. Qxf4+ Ke7 35. Qg5+ Kd7 36. Qg4+ Qxg4+ 37. fxg4 Ke6 38. Kg2 Kf6 39. Kg3 h6 40. Kh4 g5+ 41. Kg3 b6 42. Kf3 Ne8 43. Bf5 Ke7 44. Ke3 Ng7 45. Bc2 Ne6 46. f3 a5 47. Bd3 Kd6 48. b3 c5 49. Bb5 Nf4 50. Bf1 h5 51. gxh5 Nxh5 52. Bb5 Nf6 53. Be2 Ke6 54. c4 Nh5 55. dxc5 bxc5 56. cxd5+ Kxd5 57. Bc4+ Ke5 58. Be2 Nf4 59. Bc4 Ng6 60. Bd3 Nh4 61. Be4 Ng2+ 62. Kf2 Nf4 63. Ke3 Ne6 64. Bd3 Nd4 65. Bc4 Nf5+ 66. Kf2 Kf4 67. Bf7 Ke5 68. Kg2 Kd4 69. Be6 Ne3+ 70. Kf2 Kd3 71. Bf7 Kd2 72. Bg8 Nc2 73. Kg3 Ke3 74. Kg4 Nd4 75. Kxg5 Nxf3+ 76. Kf5 Kd4 77. Ke6 c4 78. bxc4 Kxc4 79. Kd6+ Kb4 80. Kd5 Nd2 81. Kd4 Kxa4 82. Kc3 Ne4+ 83. Kb2 Nc5 84. Bh7 Kb4 85. Bc2 Ne6 86. Bb3 Nf4 87. Bc2 Nd5 88. Bd1 Nb6 89. Bb3 a4 90. Bxa4 1/2-1/2